000 00632nam a22001817a 4500
003 OSt
005 20240528134619.0
008 240528b ||||| |||| 00| 0 eng d
040 _cAIMIT LIBRARY
100 _aDsilva, Arohi P.
_e202003
_9168200
245 _aImage recognition and identification system on AWS /
_cBy Arohi P Dsilva; Guided by Kumar B, Rakesh and Ramesh Srinivasan.
260 _aMangalore
_c2022
650 _aData sources and format
_9168201
700 _aKumar B, Rakesh.
_eGuide
_9168202
700 _aSrinivasan, Ramesh.
_eGuide
_9168203
856 _3Tata Consultancy Services
_ywww.tcs.com
942 _2ddc
_cPRO
999 _c230948
_d230948